| 000 | 00721nam a2200229 a 4500 | ||
|---|---|---|---|
| 001 | BRL_64 | ||
| 005 | 20190320210555.0 | ||
| 008 | 041012s1983----pe-a######---#000-0#spa-# | ||
| 041 | _aspa | ||
| 044 | _ape | ||
| 050 | 4 |
_aF3431 _b.D63 1983 |
|
| 245 | 1 | 0 |
_aDocumental del Perú _benciclopedia nacional básica _cPedro Felipe Cortazar. |
| 260 |
_aPerú _bIOPPE _c1983 |
||
| 300 |
_a2 v. _bil. (algunas a color) _c21 cm. |
||
| 440 | 0 |
_aColección Documental del Perú _v3 y 4 _922806 |
|
| 500 | _av.3 Au92. v.4 Au91 | ||
| 505 | 0 | _aContenido: v.3. Departamento de Arequipa. -- v.4. Departamento de Amazonas | |
| 651 | 4 |
_aPerú _xHistoria _915788 |
|
| 700 | 1 |
_aCortazar, Pedro Felipe _922807 |
|
| 902 | _aGRL | ||
| 942 |
_2lcc _cB |
||
| 999 |
_c8877 _d8877 |
||